000
00236nam a2200109Ia 4500
999
_c
9551
_d
9551
020
_a
978-0321393616
100
_a
Neil A.Weiss
245
0
_a
Introductory Statistics
260
_a
New Delhi
_b
Pearson
_c
2015
300
_a
230
942
_c
BK